Goya en la Fundación Lázaro Galdiano (Record no. 566)

MARC details
000 -CABECERA
campo de control de longitud fija 01064nam a2200241 a 4500
001 - NÚMERO DE CONTROL
campo de control BRCA_650
005 - FECHA Y HORA DE LA ÚLTIMA TRANSACCIÓN
campo de control 20190320203109.0
008 - DATOS DE LONGITUD FIJA--INFORMACIÓN GENERAL
campo de control de longitud fija 090408s1999----sp-o---###---#000-0#spa-#
020 ## - NÚMERO INTERNACIONAL ESTÁNDAR DEL LIBRO
Número Internacional Estándar del Libro 8492323426
050 #4 - SIGNATURA TOPOGRÁFICA DE LA BIBLIOTECA DEL CONGRESO
Número de clasificación ND813.G6
Número de documento/Ítem .C36 1999
100 1# - ENTRADA PRINCIPAL--NOMBRE DE PERSONA
Nombre de persona Cano Cuesta, Marina
9 (RLIN) 2183
245 10 - MENCIÓN DE TÍTULO
Título Goya en la Fundación Lázaro Galdiano
Mención de responsabilidad, etc. Marina Cano Cuesta.
260 ## - PUBLICACIÓN, DISTRIBUCIÓN, ETC.
Lugar de publicación, distribución, etc. Madrid
Nombre del editor, distribuidor, etc. Fundación Lázaro Galdiano
Fecha de publicación, distribución, etc. 1999
300 ## - DESCRIPCIÓN FÍSICA
Extensión 408 p.
Otras características físicas il. (algunas a color), fotografías
Dimensiones 24 cm.
440 #0 - MENCIÓN DE SERIE/PUNTO DE ACCESO ADICIONAL--TÍTULO
Título Catálogos de la Fundación Lázaro Galdiano
Designación de volumen o secuencia 1
9 (RLIN) 2184
500 ## - NOTA GENERAL
Nota general Apéndices : Goya en la antigua colección Lázaro. Filigranas. Breve cronología de la vida y obra de Goya y Lucientes. Exposiciones
504 ## - NOTA DE BIBLIOGRAFÍA, ETC.
Nota de bibliografía, etc. Bibliografía: p. 391-406
600 14 - PUNTO DE ACCESO ADICIONAL DE MATERIA--NOMBRE DE PERSONA
Nombre de persona Goya y Lucientes, Francisco José de
Fechas asociadas al nombre 1746-1828
Subdivisión de forma Catálogos
9 (RLIN) 2185
610 24 - PUNTO DE ACCESO ADICIONAL DE MATERIA--NOMBRE DE ENTIDAD CORPORATIVA
Nombre de entidad corporativa o nombre de jurisdicción como elemento de entrada Fundación Lázaro Galdiano
Subdivisión general Colecciones de pintura
Subdivisión geográfica Madrid (España)
9 (RLIN) 2186
650 14 - PUNTO DE ACCESO ADICIONAL DE MATERIA--TÉRMINO DE MATERIA
Término de materia o nombre geográfico como elemento de entrada Pintores y grabadores
Subdivisión cronológica Siglos XVIII y XIX
Subdivisión geográfica España
9 (RLIN) 2187
650 14 - PUNTO DE ACCESO ADICIONAL DE MATERIA--TÉRMINO DE MATERIA
Término de materia o nombre geográfico como elemento de entrada Romanticismo, Barroco, Neosicismo
Subdivisión general En la pintura
9 (RLIN) 2188
942 ## - ELEMENTOS DE PUNTO DE ACCESO ADICIONAL (KOHA)
Fuente del sistema de clasificación o colocación Library of Congress Classification
Tipo de ítem Koha Libros
Holdings
Estado de retiro Estado de pérdida Estado dañado No para préstamo Localización permanente Ubicación/localización actual Fecha de adquisición Total de préstamos Signatura topográfica completa Código de barras Fecha visto por última vez Precio válido a partir de Tipo de ítem Koha
El ejemplar forma parte de la colección y puede ser consultado según las políticas vigentes.       Biblioteca del Museo Franz Mayer (Rogerio Casas-Alatriste) Biblioteca del Museo Franz Mayer (Rogerio Casas-Alatriste) 25/06/2008   ND813.G6 .C36 1999 00979 22/03/2019 22/03/2019 Libros